Normal view
MARC view
Entry Personal Name
001 - CONTROL NUMBER
- control field: 77847
003 - CONTROL NUMBER IDENTIFIER
- control field: OSt
005 - DATE AND TIME OF LATEST TRANSACTION
- control field: 20200117122504.0
008 - FIXED-LENGTH DATA ELEMENTS
- fixed length control field: 200117|| aca||aabn | a|a d
040 ## - CATALOGING SOURCE
- Original cataloging agency: OSt
- Transcribing agency: OSt
100 ## - HEADING--PERSONAL NAME
- Personal name: शुक्ल ,गिरीश
670 ## - SOURCE DATA FOUND
- Source citation: Work cat.: (OSt): शुक्ल ,गिरीश , पर्यावरण समस्याऍ और समाधान , 2019









